| 000 | 00574nam a2200229 a 4500 | ||
|---|---|---|---|
| 999 |
_c12513 _d12513 |
||
| 001 | 12513 | ||
| 003 | BD-JhCC | ||
| 005 | 20220420112603.0 | ||
| 008 | 220420t2021 bg |||| ||a| 001 0 eng d | ||
| 020 | _a9789848082140 | ||
| 035 | _a(BD-JhCC)12513 | ||
| 040 |
_aBD-JhCC _dBD-JhCC |
||
| 041 | _aEnglish | ||
| 082 |
_a428 _bMUS 2021 |
||
| 100 | _aMuslim, Syed Naquib | ||
| 245 |
_aThe Preposition / _cSyed Naquib Muslim. |
||
| 260 |
_aDhaka : _bPayra Prakas ; _c2021. |
||
| 300 |
_a413 p. : _c22 cm. |
||
| 650 | _aEnglish Grammar | ||
| 942 |
_2ddc _cBK |
||